000 00378pab a2200145 454500
008 180718b1985 xxu||||| |||| 00| 0 eng d
100 _aKnox, James E.
245 _aEstablishing a public affairs office in the federal government
260 _c1985
300 _a173-9
362 _aSummer
650 _aOrganisation
773 _aPublic Personnel Management
909 _a14513
999 _c14513
_d14513